[Event "GCT Croatia Rapid 2021"]
[White "Grischuk,Alexander"]
[Black "Duda,Jan-Krzysztof"]
[Site "Zagreb"]
[Round "8.5"]
[Annotator "TA"]
[Result "1/2-1/2"]
[Date "2021.07.09"]
[WhiteElo "2778"]
[BlackElo "2738"]
[PlyCount "87"]

1. e4 {} c5 2. Nf3 d6 3. d4 cxd4 4. Nxd4 Nf6 5. Nc3 a6 6. f3 e5 7. Nb3 Be6 8. Be3 h5 {
is cutting edge theory.} 9. Be2 {B90: Sicilian Najdorf: Unusual White 6th
moves, 6 Be3 Ng4 and 6 Be3 e5.} Nbd7 10. f4 Ng4 11. Bxg4 {[#]} Bxg4 $146 ({
Predecessor:} 11... Qh4+ 12. g3 Qxg4 13. f5 Bxb3 14. cxb3 Nf6 15. Rc1 Rc8 16. 0-0 Rc6 17. Kg2 h4 18. Qxg4 Nxg4 {1/2-1/2 (46) Kover,W (2232)-Sherwood,H (2338)
ICCF email 2016} )12. Qd2 Be7 (12... Be6 $14 )13. f5 $16 h4 14. h3 Bh5 15. Nd5 Nf6 16. Bb6 Qc8 17. Nxf6+ Bxf6 18. Na5 d5 19. Qxd5 Qxc2 {
[#]} 20. 0-0 0-0 21. Rf2 Qa4 22. b3 ({But not} 22. Qxb7 Rab8 $15 )(22. Nxb7 $16 Rac8 23. Bc5 )Qb5 23. Nc4 ({Not} 23. Qxb7 $2 Rab8 $19 )Bg5 24. Qxb5 axb5 25. Ne3 Ra6 26. Nd5 f6 27. Be3 Bxe3 28. Nxe3 Rd8 29. Re1 Rd3 30. Rc2 (30. Nd5 $11 Rd6 31. Rff1 )Kh7 ({Better is} 30... Rc6 $17 {Strongly
threatening ...Rxe3!} 31. Rf2 Be8 )31. Nd5 (31. Rc7 $11 {remains equal.} )Rc6 $17 32. Rec1 (32. Rxc6 $15 bxc6 33. Nb4 )Rd1+ 33. Rxd1 Rxc2 { Endgame KRB-KRN} 34. Rd3 Rxa2 35. Nc7 $1 Rc2 (35... Ra1+ $15 36. Kf2 Bd1 37. Nxb5 Rb1 )36. Rd7 $11 {The position is equal.} Rc3 37. Ne6 Rg3 {And now ...
Bf3 would win.} 38. Kf2 Be8 39. Rd8 {} Bc6 40. Nf8+ $1 Kh6 41. Ne6 { [#]} Kh7 42. Nf8+ $1 Kh6 43. Ne6 {} Kh7 44. Nf8+ $1 {
Weighted Error Value: White=0.13/Black=0.12} 1/2-1/2

[Event "GCT Croatia Rapid 2021"]
[White "Duda,Jan-Krzysztof"]
[Black "Korobov,Anton"]
[Site "Zagreb"]
[Round "9.1"]
[Annotator "TA"]
[Result "1-0"]
[Date "2021.07.09"]
[WhiteElo "2738"]
[BlackElo "2683"]
[PlyCount "73"]

1. c4 {} Nf6 2. Nc3 g6 3. d4 Bg7 4. e4 d6 5. f3 0-0 6. Be3 Nc6 7. Nge2 a6 8. Qd2 Re8 9. 0-0-0 b5 10. g4 Rb8 11. Bh6 $5 { Exploring less charted territory.
E84: King's Indian: Sämisch Panno: 7 Nge2 a6 8 Qd2 Rb8.} (11. cxb5 $14 axb5 12. Ng3 )Bh8 $1 $11 12. h4 e5 $1 { [#] Threatens to win with ...
exd4.} 13. Be3 $146 {The position is equal.} ({Predecessor:} 13. d5 Na5 14. Ng3 bxc4 15. h5 Nd7 16. Kb1 Nc5 17. hxg6 fxg6 18. Be3 Nd7 19. Qe2 Rf8 {1/2-1/2 (19)
Klekowski,M (2281)-Siekaniec,J (2191) Miedzyzdroje 2009} )Na5 14. Ng3 exd4 (14... bxc4 $6 15. dxe5 Rxe5 16. h5 $16 )15. Bxd4 {} c5 16. Bxc5 Bxg4 $1 17. Qf4 {[#]} b4 $1 {} 18. Nb1 {[#]} (18. Na4 $1 $15 Bd7 19. Rxd6 )Qc8 $1 19. fxg4 (19. b3 dxc5 )Qxc5 20. b3 Rbd8 21. g5 {[#]} d5 $1 22. gxf6 $17 {} dxc4 23. Bxc4 Nxc4 (23... Rxd1+ 24. Rxd1 Nxc4 25. bxc4 $14 )24. bxc4 Qxc4+ 25. Kb2 b3 (25... Rc8 26. Rd2 $15 (26. Ka1 b3 $15 ))({Black should play} 25... Rb8 $17 26. Rd2 (26. Ka1 $2 b3 $19 )b3 )26. Nc3 $11 {Black must now prevent Rxd8.} (26. axb3 $2 Rb8 $19 )bxa2 $1 (26... Rc8 27. Nge2 $16 )27. Nge2 $2 { [#]} (27. Rxd8 $11 Qb4+ 28. Kc2 (28. Kxa2 $2 Rxd8 29. Rd1 Rb8 $19 )Rxd8 29. Nge2 )Rb8+ $2 ({Better is} 27... Qb4+ $1 $19 28. Ka1 Rxd1+ 29. Rxd1 Rb8 )28. Ka1 $16 Rb6 $2 (28... h6 $16 {was necessary.} )29. e5 $18 ({Much less strong is} 29. Rd6 $6 Rxd6 30. Qxd6 Qe6 $16 )Qb3 {} 30. Rd2 {
Strongly threatening h5.} Rbe6 $2 (30... h5 31. Rc1 (31. Rxa2 Rb4 $16 )Reb8 )31. h5 {hxg6 is the strong threat.White is clearly winning.} Qb7 32. Rhd1 Qc7 33. hxg6 hxg6 34. Rh1 Bxf6 35. exf6 Qxf4 36. Nxf4 Rxf6 {[#]} 37. Rdh2 $1 {
Weighted Error Value: White=0.52/Black=0.49} 1-0

[Event "GCT Croatia Rapid 2021"]
[White "Saric,Ivan"]
[Black "Grischuk,Alexander"]
[Site "Zagreb"]
[Round "9.2"]
[Annotator "TA"]
[Result "1/2-1/2"]
[Date "2021.07.09"]
[WhiteElo "2653"]
[BlackElo "2778"]
[PlyCount "85"]

1. e4 {} e5 2. Nf3 Nc6 3. Bb5 Nf6 4. d3 Bc5 5. Bxc6 dxc6 6. Nbd2 {C65: Ruy Lopez: Berlin Defence (3...Nf6), unusual lines and 4
0-0 Bc5.} Be6 7. 0-0 Qd6 {7...Bd6 is becoming the main line.} 8. b3 a5 9. a4 {
[#]} b6 $146 ({Predecessor:} 9... Nd7 10. Ng5 h5 11. Nxe6 Qxe6 12. Nc4 b6 13. Bd2 Nf8 14. Kh1 f6 15. f4 exf4 16. Rxf4 {1-0 (52) Milto,G-Popov,V (2087) ICCF
email 2016} )10. Bb2 {[#] aiming for d4!} Nd7 11. Qe2 f6 12. Rfd1 0-0 13. Nf1 Rfe8 14. Ng3 Qe7 15. d4 exd4 16. Nxd4 Bxd4 17. Rxd4 c5 18. Rd3 c4 19. Re3 Rad8 20. Re1 cxb3 21. cxb3 Ne5 22. h3 c5 23. Nf5 Qf7 24. Qb5 {Bxe5 is the strong
threat.} Qc7 25. Bxe5 fxe5 26. Rg3 g6 27. Ne3 Rf8 28. Nd5 Bxd5 29. exd5 Rxd5 30. Qc4 Rfd8 $1 31. h4 Kg7 32. Qe2 Qd6 33. Re3 Rd2 34. Qg4 Rf8 35. f3 (35. Rxe5 $17 Rdxf2 36. Re6 )Rf5 $19 36. Qg3 {} Rd5 37. Re4 h5 38. R1e3 Qf6 39. Qe1 Qd6 {[#] Threatens to win with ...Rd1.} 40. Qg3 $1 Qf6 41. Qe1 $1 Qd8 {Hoping for ...Rd1.} 42. Qc3 ({Wrong is} 42. Rxe5 $2 Rfxe5 43. Rxe5 Rd1 $19 )Qf6 43. Qe1 {Weighted Error Value: White=0.07/Black=0.13} 1/2-1/2

[Event "GCT Croatia Rapid 2021"]
[White "Giri,Anish"]
[Black "Anand,Viswanathan"]
[Site "Zagreb"]
[Round "9.3"]
[Annotator "TA"]
[Result "1-0"]
[Date "2021.07.09"]
[WhiteElo "2776"]
[BlackElo "2753"]
[PlyCount "101"]

1. Nf3 {} d5 2. d4 Nf6 3. c4 e6 4. g3 Bb4+ 5. Bd2 Be7 6. Bg2 0-0 7. 0-0 Nbd7 8. Qc2 c6 9. Bf4 b6 {E11: Bogo-Indian.} 10. Nbd2 (10. cxd5 cxd5 11. Rc1 Bb7 12. Bc7 Qe8 13. Qb3 Rc8 14. Na3 Ba6 15. Nb5 Bxb5 16. Qxb5 Nc5 17. Qxe8 Rfxe8 18. Bf4 Na4 19. Rxc8 Rxc8 20. Rc1 Rxc1+ 21. Bxc1 {1/2-1/2 (39) Giri,A (2776)-Anand,V 
(2757) Bucharest 2019} )Nh5 11. e3 $5 { An interesting side line.
} Nxf4 {The position is equal.} 12. exf4 Bb7 13. cxd5 cxd5 14. Rfc1 {[#]} Bd6 $146 ({Predecessor:} 14... Rc8 15. Qd1 Rxc1 16. Rxc1 Qb8 17. Bf1 Rc8 18. Bb5 Rxc1 19. Qxc1 Qc8 20. Qxc8+ Bxc8 {0-1 (58) Giri,A (2764)-Van Foreest,J (2682)
chess24.com INT 2020} )15. Bf1 Nf6 16. Bd3 Qe7 17. Re1 Rac8 18. Qd1 Qd8 19. Qe2 Rc7 20. a3 g6 21. Ne5 Qe7 22. h4 Rfc8 23. Rad1 Qf8 24. Qf3 Nh5 25. Nf1 Ng7 26. Ne3 Nf5 27. Bxf5 (27. Nxf5 $14 gxf5 28. Qe3 )exf5 ({Better is} 27... gxf5 28. Qe2 Qe8 )28. Nxd5 {[#]} (28. h5 $11 )Bxa3 $1 {} 29. Nf6+ $1 $16 {White now steadily converts the win.} ({Inferior is} 29. bxa3 Qd8 $15 )Kg7 30. Qxa3 Qxa3 31. bxa3 Kxf6 32. d5 Kg7 (32... Rc3 $16 {was necessary.
} )33. d6 $18 Rc3 {[#]} 34. Nxf7 $1 { Decoy} Kxf7 ({Wrong is} 34... Bf3 $2 35. d7 $1 $18 )35. Re7+ { Double Attack} Kf6 36. Rxb7 Rc1 37. Rxc1 Rxc1+ { Endgame KR-KR} 38. Kg2 h5 39. Rxa7 Rc6 40. d7 Ke7 41. Rb7 Kd8 42. a4 Re6 43. Kf1 Ke7 44. f3 Kd8 45. Kf2 Rc6 46. g4 fxg4 (46... Rc4 $16 )47. fxg4 {Threatens to win with g5.} Rc4 $2 (47... Rc2+ 48. Ke3 hxg4 )48. gxh5 {White is clearly winning.} gxh5 49. Ke3 Rxa4 {[#]} 50. f5 $1 {} Ra1 51. Ke4 {Weighted Error Value: White=0.14/Black=0.19} 1-0

[Event "GCT Croatia Rapid 2021"]
[White "Van Foreest,Jorden"]
[Black "Mamedyarov,Shakhriyar"]
[Site "Zagreb"]
[Round "9.4"]
[Annotator "TA"]
[Result "0-1"]
[Date "2021.07.09"]
[WhiteElo "2688"]
[BlackElo "2782"]
[PlyCount "126"]

1. e4 {} e5 2. Nf3 Nc6 3. Bb5 a6 4. Ba4 Nf6 5. 0-0 Nxe4 6. d4 b5 7. Bb3 d5 8. dxe5 Be6 9. c3 Bc5 10. Nbd2 0-0 11. Bc2 Nxf2 12. Rxf2 f6 13. Nf1 {
C82: Open Ruy Lopez: 9 c3 without 9...Be7.} Bxf2+ 14. Kxf2 fxe5 15. Kg1 {
Threatens to win with Bxh7+!The position is equal.} Bg4 {[#]} 16. Bg5 $146 ({
Predecessor:} 16. Ne3 Be6 17. Bb3 e4 18. Nd4 Nxd4 19. cxd4 Qf6 20. Bd2 {
0-1 (42) Sevian,S (2660)-Paravyan,D (2629) Jermuk 2021} )Bxf3 17. Qd2 Qd6 18. gxf3 e4 (18... Rxf3 $6 19. Bb3 $16 )19. fxe4 Ne5 20. Kh1 (20. Qxd5+ $2 Qxd5 21. exd5 Nf3+ 22. Kg2 Nxg5 $19 )({White should try} 20. Bd1 $1 $11 )Nf3 $15 { Black has compensation.} 21. Qg2 Rae8 (21... Nxg5 $15 22. Qxg5 Rf2 )22. Be3 $1 $14 c5 23. Ng3 d4 $1 { [#]} 24. Rd1 $1 Kh8 25. cxd4 cxd4 26. Bg1 Nxg1 27. Qxg1 Qf4 28. Qg2 Rc8 29. Qe2 Qe3 30. Bb3 Rf2 31. Qxe3 dxe3 32. e5 g6 33. e6 a5 34. Kg1 {Strongly threatening e7.} Kg7 35. Ne4 Rf4 36. Nd6 {[#]} ({White should play} 36. Ng3 $15 )Rc5 $1 $19 {} 37. h4 (37. e7 {is a self mate.} Rg5+ 38. Kh1 e2 39. h3 Rf1+ 40. Kh2 Rf2+ 41. Kh1 Rgg2 42. Nf5+ gxf5 43. e8=N+ Kf8 44. Nf6 Rh2+ 45. Kg1 Rfg2# )Re5 38. Nf7 $2 (38. Re1 )Rg4+ 39. Kh2 Ree4 $2 (39... Rh5 {} 40. Ng5 Rgxg5 )40. Rd7 $2 (40. Nd6 e2 41. Re1 )Rxh4+ (40... Kf6 $142 41. Rd1 e2 )41. Kg3 Rhg4+ 42. Kf3 {[#]} Kf6 43. Nd6 $2 {[#]} (43. Nh6 {is the only way for
White.} Rg1 44. Rd1 (44. Kxe4 $2 {is the wrong capture.} e2 $19 )(44. Ng8+ $2 Kg5 $19 )Rxd1 45. Bxd1 Rxe6 46. Ng4+ Kg5 47. Nxe3 )e2 $1 {} 44. Rf7+ (44. Nxe4+ $142 Rxe4 { Promotion} 45. Kxe4 e1=Q+ 46. Kd3 )Kg5 $2 (44... Ke5 $19 45. Nxe4 Rxe4 )45. Nxe4+ $11 Rxe4 46. Kxe4 e1=Q+ { Endgame KQ-KRB} 47. Kd4 Qb4+ 48. Ke5 a4 (48... Qc5+ {
looks sharper.} 49. Bd5 Qe3+ 50. Kd6 Qb6+ 51. Bc6 Qd4+ )49. Bd5 {Hoping for e7.
} Qxb2+ 50. Kd6 {aiming for e7.} Qh2+ 51. Kc6 b4 {White must now prevent ...
Qe5.} 52. Ra7 $2 {} (52. e7 $11 {and White has nothing to worry.} Qe5 53. Rxh7 )Qb8 $2 (52... h5 $19 {has better winning chances. And now .
..h4 would win.} 53. e7 Qe5 )53. Rb7 $17 Qa8 (53... Qc8+ $17 54. Kd6 Qd8+ 55. Kc5 Qa5+ 56. Kd6 Qd8+ 57. Kc5 b3 )54. e7 $1 $11 b3 55. Kd7 $2 {} (55. axb3 $11 a3 56. b4 Qc8+ 57. Rc7 Qe8+ 58. Kd6 )bxa2 $19 56. Rb5 Qa7+ 57. Bb7+ Kh6 58. e8=Q a1=Q 59. Qe6 Qg7+ 60. Kc6 Qc3+ 61. Kd7 Qad4+ 62. Bd5 Qg7+ (62... a3 $142 63. Qc6 Qg7+ 64. Kd8 Qf8+ 65. Kc7 Qe7+ 66. Kb6 Qd4+ 67. Rc5 a2 68. Bxa2 Qb4+ 69. Ka6 Qexc5 70. Qh1+ Kg7 71. Qa1+ Qcd4 72. Qxd4+ Qxd4 73. Kb5 Qb2+ { Double Attack} 74. Kc4 Qxa2+ 75. Kd3 h5 76. Ke3 h4 77. Ke4 h3 78. Ke5 h2 79. Kd4 h1=Q 80. Ke3 Qb3+ 81. Kf4 Qhf3+ 82. Kg5 Qg3# )63. Ke8 Qce5 {
Weighted Error Value: White=0.81/Black=0.37} (63... Qh8+ $142 64. Qg8 Qc8+ 65. Ke7 Qe5+ 66. Qe6 Qec7+ 67. Qd7 Q7xd7+ 68. Kf6 Qh8# )0-1

[Event "GCT Croatia Rapid 2021"]
[White "Vachier-Lagrave,Maxime"]
[Black "Nepomniachtchi,Ian"]
[Site "Zagreb"]
[Round "9.5"]
[Annotator "TA"]
[Result "1/2-1/2"]
[Date "2021.07.09"]
[WhiteElo "2749"]
[BlackElo "2792"]
[PlyCount "121"]

1. e4 {} c5 2. Nf3 e6 3. d4 cxd4 4. Nxd4 Nc6 5. Nc3 a6 6. Nxc6 bxc6 7. Qd3 {B46: Sicilian: Taimanov: 5 Nc3 a6.} d5 8. Qg3 h5 9. h4 {White has an edge.
} d4 10. Nb1 Nf6 11. e5 Ne4 {[#]} 12. Qf3 $146 ({Predecessor:} 12. Qf4 Bb4+ 13. Nd2 Nxd2 14. Bxd2 Bxd2+ 15. Qxd2 Qd5 16. f4 a5 17. Be2 Ba6 18. Bf3 {0-1 (33)
Giri,A (2776)-Nepomniachtchi,I (2789) chess24.com INT 2021} )Qd5 13. Bd3 Bb4+ 14. Kf1 f5 15. exf6 Nxf6 16. c3 Bc5 17. Bg6+ $1 Kd8 18. Nd2 (18. Bg5 {
is interesting.} Qxf3 19. gxf3 a5 20. Kg2 Be7 21. cxd4 Nd5 22. Bxe7+ Kxe7 23. Be4 )dxc3 19. bxc3 e5 20. c4 (20. Qe2 $16 )Qxf3 $1 $11 21. gxf3 Be6 22. Kg2 Rb8 23. Nb3 Bd6 24. Rd1 Ke7 {[#]} (24... Kc7 $11 {keeps the balance.} )25. Bd3 (25. Na5 $1 $16 {} Bd7 26. Re1 )Kf7 26. Bg5 Bb4 27. Nd2 (27. a3 $14 Be7 28. Na5 )Rhd8 28. Ne4 Be7 29. Ng3 Bc5 30. Ne4 Nxe4 31. fxe4 Be7 32. Be3 Bxh4 (32... Bg4 $17 33. f3 Rb2+ 34. Kg3 Be6 )33. c5 a5 34. Be2 g6 35. Rdb1 Rb4 36. Rxb4 axb4 37. a4 (37. Rb1 $17 )bxa3 38. Rxa3 Kf6 39. Ra6 Rc8 40. f4 {[#]} exf4 (40... Be1 $142 $1 41. Ra1 Bc3 )41. Bxf4 $17 g5 42. Bd6 g4 43. Ra7 {Hoping for Be7+.} Kg6 (43... Be1 $17 44. Rh7 Kg6 )44. Ba6 $1 $11 {} Rh8 45. Rc7 Bd8 46. Rxc6 {aiming for Be5.The position is
equal.} Bd7 47. Rb6 Bxb6 48. cxb6 { Endgame KRB-KB} Bc6 49. b7 Bxe4+ 50. Kg3 {[#]} Bxb7 $1 51. Bxb7 Kg5 {And now ...h4+ would win.} 52. Be7+ Kf5 53. Kh4 Rh7 54. Bc8+ Kf4 55. Bd6+ Kf3 56. Be6 Ke4 {...Rh6 is the strong threat.} 57. Bg3 $1 Rh8 58. Bd7 $1 Rh7 59. Be6 Rh8 60. Bd7 Rh7 61. Be6 {Weighted Error
Value: White=0.16/Black=0.13} 1/2-1/2